000
00338nam a2200133Ia 4500
008
190723s9999 xx 000 0 und d
020
_a
978-0-4156-0769-8
100
_a
Alan Longstaff
245
0
_a
Neuroscience (BIOS INSTANT NOTES)
250
_a
3rd
260
_a
New York
_b
GS Garland Science
_c
2011
300
_a
379.:P
942
_c
BK
999
_c
1411
_d
1411